00421nam a2200181Ia 4500003000900000008004100009040001300050040001300063041000800076100001800084245007500102250000900177260002100186260000900207300000800216490000900224490000600233IT-RoPAU120407s9999 xx 000 0 und d aIT-RoPAU cIT-RoPAU aita aPeter Lippert aCredo. Dio - Trinità€ - Creazione - Redenzione - Grazia - Sacramenti. aAlba aEdizioni Paoline c1954 c cm aMusa v1